[Event "Potsdam Christmas 35th"]
[Site "Potsdam"]
[Date "2010.12.28"]
[Round "4.8"]
[White "Petrak, Falk"]
[Black "Grottke, Hans Joachim"]
[Result "0-1"]
[WhiteElo "1950"]
[BlackElo "2223"]
[PlyCount "74"]
[EventDate "2010.12.27"]
[EventType "swiss"]
[EventRounds "7"]
[EventCountry "GER"]
[SourceTitle "EXT 2022"]
[Source "ChessBase"]
[SourceDate "2021.10.06"]
[SourceVersion "1"]
[SourceVersionDate "2021.10.06"]
[SourceQuality "1"]

1. Nf3 d5 2. b3 Nf6 3. Bb2 e6 4. e3 Be7 5. c4 0-0 6. Nc3 c5 7. d4 b6 8. cxd5 exd5 9. Bd3 Bg4 10. dxc5 bxc5 11. h3 Be6 12. Rc1 Nbd7 13. Ne2 Bd6 14. Bb1 Qe7 15. Nc3 Rac8 16. 0-0 h6 17. Qc2 Rfd8 18. Rfd1 Nf8 19. Qe2 Bb8 20. Na4 N8d7 21. Ba3 Bd6 22. Qb5 Ne4 23. Nc3 Ng5 24. Qe2 Nf6 25. Nxg5 hxg5 26. Bb2 Bb8 27. Nb5 a6 28. Bxf6 Qxf6 29. Na3 g6 30. Nc2 g4 31. hxg4 Qh4 32. g3 Qh3 33. Qf1 Qxg4 34. Qg2 Kg7 35. f4 d4 36. Kf2 d3 37. Na3 d2 0-1

[Event "Potsdam Christmas 34th"]
[Site "Potsdam"]
[Date "2010.01.01"]
[Round "7.19"]
[White "Petrak, Falk"]
[Black "Perestjuk, Marko"]
[Result "0-1"]
[WhiteElo "1747"]
[BlackElo "1902"]
[PlyCount "68"]
[EventDate "2009.12.27"]
[EventType "swiss"]
[EventRounds "7"]
[EventCountry "GER"]
[SourceTitle "EXT 2022"]
[Source "ChessBase"]
[SourceDate "2021.10.06"]
[SourceVersion "1"]
[SourceVersionDate "2021.10.06"]
[SourceQuality "1"]

1. d4 d5 2. c4 e6 3. cxd5 exd5 4. Nc3 Nf6 5. Bg5 Be7 6. e3 c6 7. Bd3 0-0 8. Qc2 Nbd7 9. Nf3 Re8 10. 0-0 Nf8 11. Rab1 a5 12. a4 Bg4 13. Ne5 Bh5 14. Bf5 Bg6 15. Nxg6 hxg6 16. Bxf6 gxf6 17. Bd3 f5 18. Ne2 Nd7 19. Nf4 Nf6 20. Be2 Kg7 21. Nd3 Rh8 22. Rfc1 Bd6 23. g3 Rh6 24. Kg2 Qh8 25. Rh1 Rh3 26. Qd1 Qh7 27. b4 Ne4 28. Qe1 Rh8 29. Qg1 axb4 30. f4 Nc3 31. Re1 Nxa4 32. Ra1 b5 33. Bd1 Nc3 34. Bb3 Ne2 0-1